[Event "Winnipeg TNT May op"]
[Site "Winnipeg CAN"]
[Date "1998.04.05"]
[Round "1"]
[White "Barg, Andrew"]
[Black "Ford, Stephen"]
[Result "1-0"]
[WhiteElo "1882"]
[BlackElo "1579"]
[PlyCount "31"]
[GameId "2160767911873429"]
[EventDate "1998.05.04"]
[EventType "swiss"]
[EventRounds "4"]
[EventCountry "CAN"]

1. e4 c5 2. Nf3 d6 3. c3 Nc6 4. Be2 Nf6 5. d4 cxd4 6. cxd4 Nxe4 7. d5 Qa5+ 8. Nc3 Nb8 9. O-O Nxc3 10. bxc3 e6 11. dxe6 Bxe6 12. Ng5 Bf5 13. Re1 Be7 14. Bc4 Qxc3 15. Nxf7 Qf6 16. Bg5 1-0

[Event "Winnipeg TNT May op"]
[Site "Winnipeg CAN"]
[Date "1998.04.05"]
[Round "1"]
[White "Herkert, Dean"]
[Black "Boron, Anthony"]
[Result "0-1"]
[WhiteElo "1673"]
[BlackElo "1918"]
[PlyCount "34"]
[GameId "2160767911873430"]
[EventDate "1998.05.04"]
[EventType "swiss"]
[EventRounds "4"]
[EventCountry "CAN"]

1. f4 b6 2. Nf3 Nf6 3. b3 Bb7 4. e3 e6 5. Bb2 Be7 6. c4 Na6 7. Nc3 O-O 8. Bd3 Nc5 9. Qc2 Nxd3+ 10. Qxd3 d5 11. cxd5 Nxd5 12. Nxd5 Bxd5 13. Ne5 Bh4+ 14. Ke2 Bf6 15. Rhg1 c5 16. g4 Bxe5 17. Bxe5 Bf3+ 0-1

[Event "Winnipeg TNT May op"]
[Site "Winnipeg CAN"]
[Date "1998.04.05"]
[Round "1"]
[White "Trueman, Francis"]
[Black "Klokow, John"]
[Result "0-1"]
[WhiteElo "1498"]
[BlackElo "1852"]
[PlyCount "58"]
[GameId "2160767911873431"]
[EventDate "1998.05.04"]
[EventType "swiss"]
[EventRounds "4"]
[EventCountry "CAN"]

1. Nf3 Nf6 2. d3 d5 3. Nbd2 c5 4. g3 Nc6 5. Bg2 Bg4 6. h3 Bh5 7. O-O Qd7 8. Qe1 O-O-O 9. Nb3 e5 10. e4 Bxf3 11. Bxf3 Qxh3 12. Bg2 Qh5 13. f3 c4 14. Kf2 dxe4 15. Rh1 Qg6 16. Bh3+ Nd7 17. dxe4 cxb3 18. axb3 Bc5+ 19. Kg2 Kb8 20. Qc3 Qd6 21. Be3 Bxe3 22. Qxe3 Qd4 23. Qc1 Nf6 24. Qg5 Qd2+ 25. Qxd2 Rxd2+ 26. Kg1 Rhd8 27. Bf1 Rd1 28. Ra4 R8d2 29. Rc4 Nd4 0-1

[Event "Winnipeg TNT May op"]
[Site "Winnipeg CAN"]
[Date "1998.04.05"]
[Round "1"]
[White "Williams, Brian"]
[Black "Ott, Richard"]
[Result "1-0"]
[WhiteElo "1717"]
[BlackElo "1466"]
[PlyCount "98"]
[GameId "2160767911873432"]
[EventDate "1998.05.04"]
[EventType "swiss"]
[EventRounds "4"]
[EventCountry "CAN"]

1. d4 d5 2. g3 c6 3. Bg2 Nf6 4. Nf3 e6 5. O-O Be7 6. Re1 h6 7. Nbd2 O-O 8. c3 Na6 9. e4 Qb6 10. e5 Nh7 11. b4 Nc7 12. Nb3 a6 13. a4 Bd7 14. a5 Qa7 15. Nc5 Bxc5 16. bxc5 f6 17. exf6 Nxf6 18. Ne5 Nb5 19. Qc2 Nc7 20. h4 Be8 21. Rb1 Nd7 22. Bf4 Nb5 23. Rb3 Nxc5 24. dxc5 Qxc5 25. Nd3 Qe7 26. Qe2 Bd7 27. Ne5 Rf6 28. Nxd7 Qxd7 29. Be5 Rf5 30. Bh3 Rff8 31. Bd4 Nxd4 32. cxd4 Qc7 33. Qxe6+ Kh8 34. Qe7 Qxa5 35. Rxb7 Rg8 36. Qb4 Qxb4 37. Rxb4 a5 38. Ra4 Rgb8 39. Rea1 Kg8 40. Bd7 Rb6 41. Rxa5 Rxa5 42. Rxa5 Rb1+ 43. Kg2 Rc1 44. Rc5 Rxc5 45. dxc5 d4 46. Bxc6 Kf8 47. Kf3 Ke7 48. Ke4 d3 49. Kxd3 Ke6 1-0

[Event "Winnipeg TNT May op"]
[Site "Winnipeg CAN"]
[Date "1998.05.12"]
[Round "2"]
[White "Klokow, John"]
[Black "Barg, Andrew"]
[Result "1-0"]
[WhiteElo "1852"]
[BlackElo "1875"]
[PlyCount "35"]
[GameId "2160767911873433"]
[EventDate "1998.05.04"]
[EventType "swiss"]
[EventRounds "4"]
[EventCountry "CAN"]

1. e4 c5 2. Nf3 d6 3. d4 Nf6 4. Nc3 cxd4 5. Nxd4 a6 6. Bg5 e6 7. f4 Be7 8. Qf3 Qc7 9. O-O-O b5 10. g4 Bb7 11. Bxf6 gxf6 12. g5 fxg5 13. Qh5 Qd7 14. Bh3 O-O 15. Nf5 b4 16. fxg5 bxc3 17. Qh6 cxb2+ 18. Kb1 1-0

[Event "Winnipeg TNT May op"]
[Site "Winnipeg CAN"]
[Date "1998.05.12"]
[Round "2"]
[White "Schulz, Waldemar"]
[Black "Williams, Brian"]
[Result "1/2-1/2"]
[WhiteElo "2008"]
[BlackElo "1717"]
[PlyCount "78"]
[GameId "2160767911873434"]
[EventDate "1998.05.04"]
[EventType "swiss"]
[EventRounds "4"]
[EventCountry "CAN"]

1. d4 Nf6 2. c4 g6 3. Nc3 d5 4. Nf3 Bg7 5. Bg5 c6 6. e3 O-O 7. Bd3 Be6 8. c5 Nbd7 9. O-O b6 10. b4 b5 11. a4 a6 12. Ra3 Bg4 13. Be2 Ne4 14. Nxe4 dxe4 15. Nd2 Bxe2 16. Qxe2 f5 17. f4 Nf6 18. Bxf6 Bxf6 19. Rfa1 Rb8 20. axb5 axb5 21. Nb3 Qd5 22. Qa2 g5 23. g3 Kh8 24. fxg5 Bxg5 25. Nd2 Rbd8 26. Qxd5 Rxd5 27. Kf2 e5 28. Nb3 f4 29. exf4 exf4 30. Ra8 fxg3+ 31. Kxg3 Rdf5 32. Rxf8+ Rxf8 33. Kg4 h6 34. Kh5 Kg7 35. h4 Be3 36. Re1 Rf5+ 37. Kg4 Rf4+ 38. Kg3 Rf3+ 39. Kg2 Rf2+ 1/2-1/2

[Event "Winnipeg TNT May op"]
[Site "Winnipeg CAN"]
[Date "1998.05.12"]
[Round "2"]
[White "Trueman, Francis"]
[Black "Herkert, Dean"]
[Result "0-1"]
[WhiteElo "1464"]
[BlackElo "1673"]
[PlyCount "60"]
[GameId "2160767911873435"]
[EventDate "1998.05.04"]
[EventType "swiss"]
[EventRounds "4"]
[EventCountry "CAN"]

1. Nf3 f5 2. d3 Nf6 3. Bg5 e6 4. Nbd2 Be7 5. e4 fxe4 6. dxe4 Nc6 7. Bxf6 Bxf6 8. c3 O-O 9. Bd3 b6 10. Qc2 Ne5 11. Nxe5 Bxe5 12. Nf3 Qf6 13. O-O-O Bb7 14. Nxe5 Qxe5 15. h4 d5 16. exd5 Bxd5 17. Bxh7+ Kh8 18. Kb1 Rf6 19. Rhe1 Qf4 20. f3 Qg3 21. Rd4 Qxe1+ 22. Rd1 Qxh4 23. Bd3 Rh6 24. Qc1 Qg3 25. Rh1 Rxh1 26. Qxh1+ Kg8 27. Qh7+ Kf8 28. Bg6 Qe1+ 29. Kc2 Qe2+ 30. Kb1 Qd1# 0-1

[Event "Winnipeg TNT May op"]
[Site "Winnipeg CAN"]
[Date "1998.05.19"]
[Round "3"]
[White "Herkert, Dean"]
[Black "Ford, Stephen"]
[Result "1-0"]
[WhiteElo "1673"]
[BlackElo "1558"]
[PlyCount "83"]
[GameId "2160767911873436"]
[EventDate "1998.05.04"]
[EventType "swiss"]
[EventRounds "4"]
[EventCountry "CAN"]

1. f4 d5 2. Nf3 Bg4 3. e3 c5 4. b3 Nf6 5. Bb2 e6 6. Bb5+ Nbd7 7. O-O Be7 8. h3 Bxf3 9. Qxf3 O-O 10. Nc3 a6 11. Bxd7 Qxd7 12. d3 b5 13. g4 b4 14. Ne2 Rfc8 15. g5 Ne8 16. Ng3 g6 17. h4 Nc7 18. h5 d4 19. e4 e5 20. Bc1 exf4 21. Bxf4 Ne6 22. Qg4 Rf8 23. Rf2 Qc6 24. Raf1 Nxf4 25. Rxf4 Bd6 26. Rf6 Qc7 27. Kg2 Rae8 28. hxg6 fxg6 29. Ne2 Qe7 30. R1f3 Rxf6 31. gxf6 Qf7 32. Ng3 Bxg3 33. Kxg3 Rd8 34. Qf4 a5 35. Qe5 Rc8 36. Qd6 h6 37. e5 Qf8 38. Qd5+ Kh8 39. e6 Qg8 40. f7 Qf8 41. Qe5+ Kh7 42. e7 1-0

[Event "Winnipeg TNT May op"]
[Site "Winnipeg CAN"]
[Date "1998.05.19"]
[Round "3"]
[White "Ott, Richard"]
[Black "Trueman, Francis"]
[Result "0-1"]
[WhiteElo "1485"]
[BlackElo "1464"]
[PlyCount "50"]
[GameId "2160767911873437"]
[EventDate "1998.05.04"]
[EventType "swiss"]
[EventRounds "4"]
[EventCountry "CAN"]

1. d4 Nf6 2. c4 e6 3. Nc3 c5 4. d5 exd5 5. cxd5 d6 6. e4 Nbd7 7. Bb5 Qa5 8. Qe2 a6 9. Bxd7+ Bxd7 10. f4 b5 11. Bd2 b4 12. Nd1 Ba4 13. e5 Bb5 14. Qf3 dxe5 15. fxe5 Nd7 16. e6 Ne5 17. exf7+ Nxf7 18. Qe4+ Be7 19. d6 Ra7 20. a4 Nxd6 21. Qe5 Nc8 22. Ra3 Bc6 23. Qxg7 Bh4+ 24. g3 Rxg7 25. Re3+ Re7 0-1

[Event "Winnipeg TNT May op"]
[Site "Winnipeg CAN"]
[Date "1998.05.19"]
[Round "3"]
[White "Williams, Brian"]
[Black "Klokow, John"]
[Result "1-0"]
[WhiteElo "1717"]
[BlackElo "1852"]
[PlyCount "56"]
[GameId "2160767911873438"]
[EventDate "1998.05.04"]
[EventType "swiss"]
[EventRounds "4"]
[EventCountry "CAN"]

1. e4 e5 2. Nc3 Nf6 3. g3 d5 4. exd5 Nxd5 5. Bg2 Be6 6. d3 c5 7. Nge2 Nc6 8. O-O h5 9. f4 Qd7 10. fxe5 Nxe5 11. Nf4 Nxf4 12. Bxf4 Qd4+ 13. Kh1 Ng4 14. Qf3 h4 15. Nb5 Qf6 16. Nc7+ Kd8 17. Nxa8 Qd4 18. c3 Qd7 19. Bc7+ Ke8 20. Rae1 hxg3 21. Bxg3 Nxh2 22. Bxh2 Bd6 23. Bh3 Bxh2 24. Kxh2 Kf8 25. Rxe6 Qxe6 26. Kg2 Qg6+ 27. Kf2 Rh5 28. Ke2 Qh6 1-0

[Event "Winnipeg TNT May op"]
[Site "Winnipeg CAN"]
[Date "1998.05.19"]
[Round "4"]
[White "Boron, Anthony"]
[Black "Williams, Brian"]
[Result "1/2-1/2"]
[WhiteElo "1918"]
[BlackElo "1717"]
[PlyCount "158"]
[GameId "2160767911873439"]
[EventDate "1998.05.04"]
[EventType "swiss"]
[EventRounds "4"]
[EventCountry "CAN"]

1. Nf3 Nf6 2. g3 g6 3. Bg2 Bg7 4. O-O O-O 5. d3 d6 6. Nbd2 e5 7. Rb1 Nbd7 8. b4 Rb8 9. a4 b6 10. e4 c5 11. b5 Ne8 12. Nc4 f5 13. exf5 gxf5 14. Bg5 Ndf6 15. Qd2 Qc7 16. Bh6 Kh8 17. Bxg7+ Qxg7 18. Qg5 Rg8 19. Qxg7+ Rxg7 20. Nfd2 Bb7 21. Bxb7 Rbxb7 22. f4 e4 23. Ne3 d5 24. Nxf5 Rgd7 25. Rfe1 exd3 26. cxd3 Ng7 27. Nxg7 Kxg7 28. Re6 d4 29. Rbe1 Nd5 30. Nc4 Ne3 31. Nxe3 dxe3 32. R1xe3 Kf7 33. Rh6 Kg7 34. Rhe6 Kf7 35. R6e4 Rd6 36. Kf2 Rbd7 37. Ke2 Rh6 38. h4 Rg6 39. f5 Rf6 40. Rf3 h5 41. Ke3 Rfd6 42. Ke2 Rd4 43. Rxd4 Rxd4 44. Rf4 Rd5 45. Ke3 Kf6 46. Ke4 Re5+ 47. Kf3 Rd5 48. Ke3 Rd7 49. Ke4 Rd4+ 50. Ke3 Rd5 51. g4 Re5+ 52. Kf3 hxg4+ 53. Kxg4 Rd5 54. a5 Rxd3 55. axb6 axb6 56. Re4 Kf7 57. Re6 Rb3 58. Rxb6 c4 59. Rc6 Rxb5 60. Rxc4 Rb1 61. Kg5 Rg1+ 62. Rg4 Rh1 63. h5 Kg7 64. Kf4+ Kh7 65. f6 Rf1+ 66. Ke5 Kh6 67. Ke6 Kxh5 68. Rg7 Kh6 69. Kf7 Kh5 70. Ke7 Kh6 71. Kf7 Kh5 72. Rg3 Kh6 73. Ke7 Re1+ 74. Kf8 Rf1 75. f7 Kh7 76. Rg7+ Kh6 77. Rg4 Kh7 78. Ke7 Re1+ 79. Kf6 Rf1+ 1/2-1/2

[Event "Winnipeg TNT May op"]
[Site "Winnipeg CAN"]
[Date "1998.05.19"]
[Round "4"]
[White "Ford, Stephen"]
[Black "Trueman, Francis"]
[Result "1-0"]
[WhiteElo "1558"]
[BlackElo "1464"]
[PlyCount "59"]
[GameId "2160767911873440"]
[EventDate "1998.05.04"]
[EventType "swiss"]
[EventRounds "4"]
[EventCountry "CAN"]

1. e4 c6 2. d4 d5 3. Nc3 dxe4 4. Nxe4 Nd7 5. Ng5 Ngf6 6. Bd3 e6 7. N1f3 Bd6 8. O-O O-O 9. Re1 Re8 10. c3 Qc7 11. h3 c5 12. Qc2 Nf8 13. dxc5 Qxc5 14. Be3 Qc7 15. Nd4 h6 16. Ngf3 Nd5 17. Nb5 Qe7 18. Nxd6 Nxe3 19. Rxe3 Qxd6 20. Rd1 Qe7 21. Qe2 Ng6 22. Bxg6 fxg6 23. Ne5 Rd8 24. Red3 Rd5 25. Nxg6 Qf6 26. Rxd5 Qxg6 27. Rd8+ Kf7 28. Qe5 Qc2 29. R1d3 Qc1+ 30. Kh2 1-0

[Event "Winnipeg TNT May op"]
[Site "Winnipeg CAN"]
[Date "1998.05.19"]
[Round "4"]
[White "Klokow, John"]
[Black "Herkert, Dean"]
[Result "0-1"]
[WhiteElo "1852"]
[BlackElo "1673"]
[PlyCount "109"]
[GameId "2160767911873441"]
[EventDate "1998.05.04"]
[EventType "swiss"]
[EventRounds "4"]
[EventCountry "CAN"]

1. e4 Nf6 2. e5 Nd5 3. d4 d6 4. c4 Nb6 5. f4 dxe5 6. fxe5 Bf5 7. Nf3 e6 8. Be2 Nc6 9. O-O Nb4 10. a3 Nc2 11. Ra2 c5 12. d5 exd5 13. Bd3 Bxd3 14. Qxd3 Nd4 15. Ng5 dxc4 16. Qd1 Ne6 17. Qf3 Qd4+ 18. Kh1 Nxg5 19. Bxg5 Qd7 20. b3 Qe6 21. Qxb7 Be7 22. Bxe7 Qxe7 23. Qc6+ Qd7 24. Qxc5 Rc8 25. Qf2 cxb3 26. Rd2 Qe7 27. Rb2 O-O 28. Rxb3 Qxe5 29. Re3 Qc5 30. Kg1 Nd5 31. Rd3 Qxf2+ 32. Kxf2 Nf6 33. Kf3 Rfe8 34. Rfd1 Rc5 35. g4 h5 36. h3 Rce5 37. Nc3 g5 38. a4 hxg4+ 39. hxg4 Ne4 40. Nb5 Nc5 41. Rd4 Re3+ 42. Kf2 Re2+ 43. Kf1 R8e3 44. Nxa7 Ne4 45. Nc6 Rf2+ 46. Kg1 Rg3+ 47. Kh1 Rxg4 48. Rxe4 Rxe4 49. a5 Rf6 50. Rd8+ Kg7 51. a6 Rh4+ 52. Kg2 Ra4 53. a7 Rxc6 54. a8=Q Rxa8 55. Rxa8 0-1

[Event "Winnipeg TNT May op"]
[Site "Winnipeg CAN"]
[Date "1998.05.19"]
[Round "4"]
[White "Ott, Richard"]
[Black "Barg, Andrew"]
[Result "1/2-1/2"]
[WhiteElo "1485"]
[BlackElo "1875"]
[PlyCount "50"]
[GameId "2160767911873442"]
[EventDate "1998.05.04"]
[EventType "swiss"]
[EventRounds "4"]
[EventCountry "CAN"]

1. d4 Nf6 2. c4 e5 3. dxe5 Ne4 4. a3 d6 5. Qc2 Bf5 6. g4 Qh4 7. e3 Qxg4 8. Bh3 Qg6 9. Bxf5 Qxf5 10. Nc3 Ng3 11. Qxf5 Nxf5 12. Nd5 Kd7 13. Nf3 h6 14. Ke2 Nc6 15. exd6 Bxd6 16. Rd1 Rad8 17. b4 Kc8 18. c5 Be5 19. Nxe5 Nxe5 20. e4 Nh4 21. Bf4 Rhe8 22. Bg3 Nhg6 23. Nc3 h5 24. f4 Nc4 25. Kf3 Nd2+ 1/2-1/2

[Event "Winnipeg TNT Oct op"]
[Site "Winnipeg CAN"]
[Date "1998.10.06"]
[Round "1"]
[White "Cummer, Jeff"]
[Black "Trueman, Francis"]
[Result "1-0"]
[WhiteElo "1838"]
[BlackElo "1493"]
[PlyCount "91"]
[GameId "2160767911806294"]
[EventDate "1998.10.06"]
[EventType "swiss"]
[EventRounds "4"]
[EventCountry "CAN"]

1. e4 c6 2. d4 d5 3. exd5 cxd5 4. Bd3 Nc6 5. c3 Nf6 6. h3 e5 7. dxe5 Nxe5 8. Nf3 Nxd3+ 9. Qxd3 Bc5 10. Qb5+ Nd7 11. O-O O-O 12. Bg5 f6 13. Bh4 Re8 14. b4 a6 15. Qd3 Bb6 16. Qxd5+ Kh8 17. Nbd2 Qc7 18. Rfe1 Ne5 19. Nxe5 fxe5 20. Ne4 Be6 21. Qd2 Rf8 22. Rad1 Rf4 23. Bg3 Rff8 24. Qd6 Bxa2 25. Qxc7 Bxc7 26. Rd7 Rac8 27. Nc5 Rfe8 28. Rc1 Red8 29. Rxd8+ Rxd8 30. Nxb7 Rd2 31. c4 Rd4 32. Bxe5 Bxe5 33. Re1 Bxc4 34. Rxe5 h6 35. Nc5 Ba2 36. Re4 Rd1+ 37. Kh2 Bd5 38. Re8+ Kh7 39. Rd8 Kg6 40. Nxa6 Kf6 41. Nc7 Rd4 42. Rxd5 Rxb4 43. Rd7 Rb2 44. f3 h5 45. Ne8+ Ke5 46. Nxg7 1-0

[Event "Winnipeg TNT Oct op"]
[Site "Winnipeg CAN"]
[Date "1998.10.06"]
[Round "1"]
[White "Gibbons, Lorne"]
[Black "Gantzert, Rene"]
[Result "0-1"]
[WhiteElo "1311"]
[BlackElo "1688"]
[PlyCount "44"]
[GameId "2160767911806295"]
[EventDate "1998.10.06"]
[EventType "swiss"]
[EventRounds "4"]
[EventCountry "CAN"]

1. d4 Nf6 2. c4 e6 3. Nc3 Bb4 4. Bd2 O-O 5. e3 d5 6. c5 Nc6 7. f3 Bd7 8. Bd3 Re8 9. Qc2 e5 10. a3 Bxc3 11. Bxc3 exd4 12. Bb4 Nxb4 13. axb4 dxe3 14. O-O-O d4 15. Ne2 Be6 16. g4 g6 17. h4 a5 18. b5 a4 19. Kb1 Bb3 20. Qxb3 axb3 21. Bc4 Ra1+ 22. Kxa1 Qa8+ 0-1

[Event "Winnipeg TNT Oct op"]
[Site "Winnipeg CAN"]
[Date "1998.10.06"]
[Round "1"]
[White "Ott, Richard"]
[Black "Schulz, Manfred"]
[Result "0-1"]
[WhiteElo "1526"]
[BlackElo "1911"]
[PlyCount "40"]
[GameId "2160767911806296"]
[EventDate "1998.10.06"]
[EventType "swiss"]
[EventRounds "4"]
[EventCountry "CAN"]

1. d4 c6 2. c4 d5 3. cxd5 cxd5 4. Nc3 Nf6 5. Nf3 Nc6 6. Bf4 Bg4 7. e3 Qb6 8. Rc1 e6 9. h3 Bh5 10. Nb5 Bb4+ 11. Nc3 Ne4 12. Qa4 O-O 13. Ne5 Nxe5 14. Bxe5 Rfc8 15. g4 Bg6 16. Bg2 Nxc3 17. bxc3 Bxc3+ 18. Ke2 Qb2+ 19. Kf3 Rc6 20. h4 b5 0-1

[Event "Winnipeg TNT Oct op"]
[Site "Winnipeg CAN"]
[Date "1998.10.06"]
[Round "1"]
[White "Sadov, Sergey"]
[Black "Weijs, Harry"]
[Result "1-0"]
[WhiteElo "2100"]
[BlackElo "1615"]
[PlyCount "25"]
[GameId "2160767911806297"]
[EventDate "1998.10.06"]
[EventType "swiss"]
[EventRounds "4"]
[EventCountry "CAN"]

1. e4 d5 2. exd5 Nf6 3. d4 Bg4 4. Bb5+ Nbd7 5. Be2 Bxe2 6. Nxe2 Nxd5 7. O-O g6 8. c4 N5b6 9. Qb3 Nf6 10. c5 Nbd5 11. Qxb7 a5 12. Qc6+ Nd7 13. Qxd5 1-0

[Event "Winnipeg TNT Oct op"]
[Site "Winnipeg CAN"]
[Date "1998.10.13"]
[Round "2"]
[White "Cummer, Jeff"]
[Black "Sadov, Sergey"]
[Result "1/2-1/2"]
[WhiteElo "1838"]
[BlackElo "2100"]
[PlyCount "92"]
[GameId "2160767911806298"]
[EventDate "1998.10.06"]
[EventType "swiss"]
[EventRounds "4"]
[EventCountry "CAN"]

1. e4 c5 2. Nc3 Nc6 3. Nge2 e6 4. g3 a6 5. Bg2 b5 6. O-O Ra7 7. d4 cxd4 8. Nxd4 e5 9. Nf5 d6 10. Ne3 Nf6 11. Ned5 Nxd5 12. Nxd5 Be7 13. Be3 Rb7 14. c3 O-O 15. f4 exf4 16. Nxf4 Ne5 17. b3 Bd7 18. Nd5 Bg5 19. Bxg5 Qxg5 20. Nf4 Qh6 21. Qh5 Qxh5 22. Nxh5 Rc8 23. Nf4 Rxc3 24. Nd5 Rc2 25. Nb4 Rc8 26. Nxa6 Nc6 27. a3 Ra7 28. Nb4 Nxb4 29. axb4 Rxa1 30. Rxa1 Kf8 31. Bf1 Rc3 32. Ra8+ Ke7 33. Ra7 Kd8 34. Ra8+ Kc7 35. Ra7+ Kd8 36. Ra8+ Rc8 37. Rxc8+ Kxc8 38. Bd3 Kd8 39. Kf2 Ke7 40. Ke3 Ke6 41. Kd4 Bc6 42. h4 h6 43. Be2 f5 44. exf5+ Kxf5 45. Bh5 Kf6 46. Bg4 g5 1/2-1/2

[Event "Winnipeg TNT Oct op"]
[Site "Winnipeg CAN"]
[Date "1998.10.13"]
[Round "2"]
[White "Schulz, Waldemar"]
[Black "Milord, Frank"]
[Result "1-0"]
[WhiteElo "2039"]
[BlackElo "1709"]
[PlyCount "41"]
[GameId "2160767911806299"]
[EventDate "1998.10.06"]
[EventType "swiss"]
[EventRounds "4"]
[EventCountry "CAN"]

1. Nf3 Nf6 2. g3 g6 3. Bg2 Bg7 4. O-O c5 5. c4 Nc6 6. Nc3 Rb8 7. d4 cxd4 8. Nxd4 Nxd4 9. Qxd4 b6 10. Nb5 a6 11. Bf4 Bb7 12. Nc7+ Kf8 13. Bxb7 Rxb7 14. Nxa6 d6 15. Nb4 Nh5 16. Qe4 Rc7 17. Nd5 f5 18. Nxc7 Qxc7 19. Qa8+ Kf7 20. Qd5+ Kf8 21. Be3 1-0

[Event "Winnipeg TNT Oct op"]
[Site "Winnipeg CAN"]
[Date "1998.10.13"]
[Round "2"]
[White "Weijs, Harry"]
[Black "Trueman, Francis"]
[Result "1-0"]
[WhiteElo "1615"]
[BlackElo "1493"]
[PlyCount "56"]
[GameId "2160767911806300"]
[EventDate "1998.10.06"]
[EventType "swiss"]
[EventRounds "4"]
[EventCountry "CAN"]

1. d4 Nf6 2. Nf3 e6 3. Bg5 c5 4. e3 d5 5. Nbd2 Qc7 6. c4 cxd4 7. exd4 Bb4 8. Bxf6 gxf6 9. a3 Bd6 10. Bd3 b6 11. cxd5 exd5 12. O-O O-O 13. Rc1 Qd8 14. Qc2 f5 15. Bxf5 Bxf5 16. Qxf5 Nd7 17. Rc6 Nf6 18. Ne5 Qe7 19. Rfc1 Rae8 20. Rxd6 Qxd6 21. Rc6 Qxc6 22. Nxc6 Re1+ 23. Nf1 Re6 24. Ne5 Rc8 25. b4 Kf8 26. g4 Ke7 27. g5 Rg8 28. Ng3 Nd7 1-0

[Event "Winnipeg TNT Oct op"]
[Site "Winnipeg CAN"]
[Date "1998.10.14"]
[Round "2"]
[White "Schulz, Manfred"]
[Black "Gantzert, Rene"]
[Result "1-0"]
[WhiteElo "1911"]
[BlackElo "1688"]
[PlyCount "89"]
[GameId "2160767911806301"]
[EventDate "1998.10.06"]
[EventType "swiss"]
[EventRounds "4"]
[EventCountry "CAN"]

1. e4 e6 2. d4 c5 3. Nf3 d5 4. exd5 exd5 5. Bb5+ Nc6 6. Ne5 Bd7 7. Nxd7 Qxd7 8. O-O Nf6 9. Re1+ Be7 10. dxc5 O-O 11. b4 Rfe8 12. Bb2 Qg4 13. Qxg4 Nxg4 14. Bxc6 bxc6 15. h3 Nf6 16. Nd2 Rab8 17. Bc3 Nd7 18. Nf3 Bf6 19. Rxe8+ Rxe8 20. Bxf6 Nxf6 21. Re1 Rxe1+ 22. Nxe1 Kf8 23. Nf3 Nd7 24. Kf1 Ke8 25. Ke2 f6 26. Nd4 Nb8 27. Ke3 Kd7 28. Kd3 Na6 29. a3 Nc7 30. c3 a6 31. a4 g6 32. g3 h5 33. Ke3 Ne8 34. Kd3 Nc7 35. c4 dxc4+ 36. Kxc4 g5 37. Nf5 Ne6 38. Nd4 Nxd4 39. Kxd4 Kc7 40. Ke4 Kd7 41. Kf5 Ke7 42. h4 gxh4 43. gxh4 Kf7 44. f3 Kg7 45. Ke6 1-0

[Event "Winnipeg TNT Oct op"]
[Site "Winnipeg CAN"]
[Date "1998.10.21"]
[Round "3"]
[White "Gantzert, Rene"]
[Black "Cummer, Jeff"]
[Result "0-1"]
[WhiteElo "1688"]
[BlackElo "1838"]
[PlyCount "110"]
[GameId "2160767911806302"]
[EventDate "1998.10.06"]
[EventType "swiss"]
[EventRounds "4"]
[EventCountry "CAN"]

1. d4 f5 2. c4 Nf6 3. Nf3 g6 4. g3 Bg7 5. Bg2 O-O 6. O-O d6 7. Nc3 c6 8. Re1 Ne4 9. Nd2 Nxc3 10. bxc3 e5 11. e3 e4 12. f3 exf3 13. Bxf3 Nd7 14. Ba3 Nf6 15. c5 d5 16. c4 Re8 17. Rb1 Bh6 18. Rb3 a5 19. cxd5 cxd5 20. Nb1 a4 21. Rd3 Ne4 22. Nc3 Nxc3 23. Rxc3 Be6 24. Qb1 Qc7 25. Be2 Bd7 26. Bb5 Bxb5 27. Qxb5 Qc6 28. Qb4 Rec8 29. Rb1 Rc7 30. Bc1 Re7 31. Kf2 Qe6 32. Bd2 Qe4 33. Re1 g5 34. Ra3 g4 35. Rxa4 Rxa4 36. Qxa4 Qf3+ 37. Kg1 Kf7 38. Qb3 Bg5 39. Qd3 Kg6 40. Rf1 Qe4 41. Qxe4 fxe4 42. Rf8 Rf7 43. Rxf7 Kxf7 44. a4 Bd8 45. a5 Ke6 46. c6 bxc6 47. a6 Bb6 48. Bb4 Kd7 49. Kg2 Kc7 50. Kf2 Kb8 51. Bc5 Bxc5 52. dxc5 Ka7 53. Ke2 Kxa6 54. Kd2 Kb5 55. Kc3 Kxc5 0-1

[Event "Winnipeg TNT Oct op"]
[Site "Winnipeg CAN"]
[Date "1998.10.21"]
[Round "3"]
[White "Sadov, Sergey"]
[Black "Schulz, Manfred"]
[Result "1-0"]
[WhiteElo "2100"]
[BlackElo "1896"]
[PlyCount "47"]
[GameId "2160767911806303"]
[EventDate "1998.10.06"]
[EventType "swiss"]
[EventRounds "4"]
[EventCountry "CAN"]

1. Nf3 d5 2. d4 Nf6 3. c4 c6 4. cxd5 cxd5 5. Nc3 Nc6 6. Bf4 Bg4 7. e3 Qb6 8. Bb5 e6 9. Qa4 Bxf3 10. gxf3 Rc8 11. e4 a6 12. Bxc6+ Rxc6 13. exd5 Nxd5 14. Nxd5 exd5 15. O-O Be7 16. Rfe1 Qd8 17. Rac1 Qd7 18. Rxc6 bxc6 19. Qb4 Kf8 20. Qb8+ Qe8 21. Qxe8+ Kxe8 22. Bd6 Kd7 23. Bxe7 a5 24. Bc5 1-0

[Event "Winnipeg TNT Oct op"]
[Site "Winnipeg CAN"]
[Date "1998.10.27"]
[Round "4"]
[White "Gantzert, Rene"]
[Black "Weijs, Harry"]
[Result "1-0"]
[WhiteElo "1688"]
[BlackElo "1615"]
[PlyCount "51"]
[GameId "2160767911806304"]
[EventDate "1998.10.06"]
[EventType "swiss"]
[EventRounds "4"]
[EventCountry "CAN"]

1. d4 Nf6 2. c4 e5 3. dxe5 Ne4 4. Nf3 Bb4+ 5. Bd2 Nxd2 6. Nbxd2 Nc6 7. a3 Bxd2+ 8. Qxd2 Qe7 9. Qc3 O-O 10. e3 Re8 11. Be2 Nxe5 12. O-O Nxf3+ 13. Bxf3 a5 14. Rfd1 a4 15. c5 c6 16. Rd4 Rd8 17. Rad1 Qf6 18. Qc2 d5 19. cxd6 Be6 20. Rxa4 Rxa4 21. Qxa4 Qxb2 22. Qa5 b6 23. Qa7 c5 24. Qc7 Rc8 25. d7 Bxd7 26. Qxc8+ 1-0

[Event "Winnipeg TNT Oct op"]
[Site "Winnipeg CAN"]
[Date "1998.10.27"]
[Round "4"]
[White "Milord, Frank"]
[Black "Cummer, Jeff"]
[Result "1-0"]
[WhiteElo "1709"]
[BlackElo "1838"]
[PlyCount "145"]
[GameId "2160767911806305"]
[EventDate "1998.10.06"]
[EventType "swiss"]
[EventRounds "4"]
[EventCountry "CAN"]

1. d4 f5 2. c4 Nf6 3. Nc3 g6 4. Nf3 Bg7 5. g3 O-O 6. Bg2 d6 7. O-O c6 8. a4 a5 9. Bf4 Na6 10. Qd2 Qb6 11. Qc2 Nb4 12. Qb3 Qd8 13. Qd1 h6 14. h4 Ne4 15. Qc1 Kh7 16. Rd1 Qc7 17. c5 Nxc3 18. bxc3 Nd5 19. cxd6 Nxf4 20. Qxf4 exd6 21. Nd2 Qe7 22. e4 fxe4 23. Qxe4 Qf7 24. Rf1 Bf5 25. Qf3 Rae8 26. g4 Bc2 27. Qxf7 Rxf7 28. Nc4 Bf8 29. Ne3 Bd3 30. Rfd1 Ba6 31. Bf1 Bxf1 32. Rxf1 d5 33. Rab1 Rb8 34. Kg2 Be7 35. Rh1 Bd6 36. h5 g5 37. Rhe1 Bf4 38. Rb6 Bc7 39. Rb2 b6 40. Nf5 Rbf8 41. Re6 Rf6 42. Rxf6 Rxf6 43. Re2 Kg8 44. Re8+ Rf8 45. Nxh6+ Kg7 46. Re7+ Kxh6 47. Rxc7 Rf6 48. Rb7 b5 49. axb5 cxb5 50. Rxb5 Ra6 51. Rb3 a4 52. Ra3 Ra7 53. Kg3 Ra6 54. f4 Ra5 55. fxg5+ Kxg5 56. Kf3 Kh4 57. Kf4 Rb5 58. Ke5 Rb3 59. Rxa4 Rxc3 60. Ra6 Kxg4 61. h6 Rh3 62. Kxd5 Kf4 63. Rf6+ Kg5 64. Re6 Kf5 65. Kd6 Rd3 66. d5 Rc3 67. h7 Rc8 68. Kd7 Ra8 69. Rc6 Rh8 70. Rh6 Kg5 71. Rh1 Kf6 72. d6 Ke5 73. Ke7 1-0